000 00726nam a2200229 4500
003 CBULib
005 20250722100354.0
008 250716b |||||||| |||| 00| 0 eng d
040 _aCBULib
_bEnglish
_cCBULib
_erda
041 _aeng
050 _aCBU(058)P/2023
110 _aTHE COPPERBELT UNIVERSITY
245 _aThe Copperbelt University : 2023 prospectus
_c/ by The Copperbelt University
260 _aKitwe :
_bCopperbelt University
_c2023
300 _a52 pages : illustrations
336 _2rdacontent
_aText |
_btxt
337 _2rdamedia
_aUnmediated |
_bn
338 _2rdacarrier
_aVolume
_bnc
650 _aCOPPERBELT UNIVERSITY--PROSPECTUS
650 _aCOPPERBELT UNIVERSITY--PERIODICALS
942 _2mc
_c030
999 _c86274
_d86274